000 00972nam a2200265Ia 4500
003 OSt
005 20220923220242.0
006 a|||||r|||| 00| 0
007 ta
008 220922b |||||||| |||| 00| 0 hin d
024 _a185,464
037 _cTextual
040 _aARTS
_cARTS
_bhin
041 _2hin
_ahin
082 _aO152,1(Delta25):g, L6
100 _aफिलिप, वी0 एन0
245 0 _aमध्युगीन हिन्दी भक्ति साहित्य में विरहभावना
246 _aMadhyugīn hindī bhakti sāhitya mean virahabhāvanā
260 _aइलाहाबाद
_b संगम प्रकाशन
_c1976
300 _a361 पृ.
_ccm.
650 _a हिन्दी साहित्य
_9156264
650 _aहिन्दी कविता
942 _hO152,1(Delta25):g, L6
_cTEXL
_2CC
999 _c338710
_d338710